Geboren in Würzburg - Statistiken

Allgemein
  • Dieses Quiz wurde 101 mal gespielt
    45 seit der letzten Aktualisierung
  • Das Durchschnittsergebnis liegt bei 3 aus 10
Antwortstatistiken
Hinweis Antwort % Korrekt
früherer Basketballspieler, NBA-MVP und langjähriger Star der Dallas Mavericks 1978 Dirk Nowitzki
98%
IOC-Präsident von 2013 bis 2025 und ehemaliger Fechter 1953 Thomas Bach
38%
langjähriger Fußballer für Werder Bremen und späterer Geschäftsführer 1975 Frank Baumann
33%
Fußballtrainer (Würzburger Kickers, Hansa Rostock und HSV) 1969 Bernd Hollerbach
31%
Basketballspieler, Los Angeles Lakers 1992 Maximilian Kleber
26%
Rekordspieler der Handball-Bundesliga 1980 Carsten Lichtlein
10%
frühere Fußballnationalspielerin (Bayern München, SC Freiburg) 1993 Lena Lotzen
10%
Medienunternehmer (Pro7Sat1) 1926 Leo Kirch
5%
Physiker und Nobelpreisträger, gilt als Begründer der Quantenmechanik 1901 Werner Heisenberg
5%
Schauspieler, "Dark" "Vorzimmer zur Hölle" 1969 Andreas Pietschmann
0%
Keine übereinstimmenden Quizze gefunden
Verteilung der Resultate
Anzahl Personen mit jedem Resultat
Perzentil nach korrekt beantworteten Fragen
Ihre Resultats-Entwicklung
Sie haben dieses Quiz seit der letzten Aktualisierung nicht gespielt